Mecenes: els gens d'un país : en el marc dels actes commemoratius del centenari de la mort d'Eusebi Güell i Bacigalupi (1846-1918) en el marc dels actes commemoratius del centenari de la mort d'Eusebi Güell i Bacigalupi (1846-1918)
Descripción Física:
6 pàgines : il·lustracions ; 21 cm
Colección:
Any Güell 2018
Idioma:
Catalán
MARC
| LEADER | 00000nam a22000007a 4500 | ||
|---|---|---|---|
| 001 | 25543 | ||
| 003 | Arxiu | ||
| 005 | 20260324181110.0 | ||
| 008 | 220517b spa||||| |||| 00| 0 cat d | ||
| 017 | |a DL B 12528-2018 | ||
| 080 | |a FU-69-30 | ||
| 111 | |9 52952 |a Cicle de Conferències del Palau Güell |n (9è : |d 2018 : |c Barcelona) | ||
| 245 | |a Mecenes: els gens d'un país : |b en el marc dels actes commemoratius del centenari de la mort d'Eusebi Güell i Bacigalupi (1846-1918) | ||
| 260 | |a Barcelona : |b Palau Güell, |c 2018 | ||
| 300 | |a 6 pàgines : |b il·lustracions ; |c 21 cm | ||
| 490 | |a Any Güell 2018 | ||
| 500 | |a A la portada: IX cicle de conferències del Palau Güell | ||
| 650 | 0 | |9 52953 |a Mecenes | |
| 650 | 0 | |9 52954 |a Mecenes |v Congressos | |
| 710 | 2 | |a Palau Güell (Barcelona) |9 17034 | |
| 942 | |2 udc |c ARXIU |n 1 | ||
| 952 | |0 0 |1 0 |4 0 |6 FU6930 |7 1 |9 61761 |a Arxiu |b Arxiu |d 2022-05-17 |l 0 |o FU-69-30 |p 25543 |r 2022-05-17 00:00:00 |w 2022-05-17 |y ARXIU | ||
| 999 | |c 81616 |d 81616 | ||